000 00899cab a2200205 4500
001 ABS52961
008 090401t1995 xxu||||| |||| 00| 0 eng d
035 _a(Sirsi) u1109
041 _aeng
245 _aMr Broadacres and Mr Farmer: a test case
260 _c1995
350 _a0
490 _aFarrer & Co Agricultural Estates Group Newsletter
_vSpring 1995, 4-14(11)
520 _aA hypothetical case study of diversification examines issues including setting up a farm business tenancy, getting planning consent, collateral warranties in the construction project, employment implications and tax issues. PHOTOCOPIES MAY NOT BE MADE. REQUESTS FOR COPIES SHOULD BE REFERRED TO FARRER & CO, CHRISTOPHER JESSEL, 66 LINCOLN`S INN FIELDS, LONDON WC2A 3LH.
650 _aFARM BUSINESS TENANCIES
650 _aFARM DIVERSIFICATION
690 _aRURAL PRACTICE
942 _n0
948 _c04/03/1997
999 _c608
_d608